书目信息 |
| 题名: |
建筑电工
|
|
| 作者: | 甘信广 主编 | |
| 分册: | ||
| 出版信息: | 北京 中国环境出版集团 2021.12 |
|
| 页数: | 277页 | |
| 开本: | 21cm | |
| 丛书名: | ||
| 单 册: | ||
| 中图分类: | TU85 | |
| 科图分类: | ||
| 主题词: | 建筑工程--jian zhu gong cheng--电工技术--安全培训--教材 | |
| 电子资源: | ||
| ISBN: | 978-7-5111-4638-0 | |
| 000 | 00815nam0 2200229 450 | |
| 001 | 011025153646 | |
| 005 | 20221025153646.0 | |
| 010 | @a978-7-5111-4638-0@dCNY29.00 | |
| 100 | @a20201004d2021 em y0chiy0120 ea | |
| 101 | 0 | @achi |
| 102 | @aCN@b110000 | |
| 105 | @aa z 000yy | |
| 106 | @ar | |
| 200 | 1 | @a建筑电工@Ajian zhu dian gong@f甘信广主编 |
| 210 | @a北京@c中国环境出版集团@d2021.12 | |
| 215 | @a277页@c图@d21cm | |
| 300 | @a建筑施工特种作业人员安全技术培训教材 | |
| 330 | @a本书共分十一章,内容包括电工基础知识、电气识图、常用电工仪表及应用、常用低压电器、异步电动机、施工现场常用电气安全用具、施工现场电源设备与变电所等。 | |
| 606 | 0 | @a建筑工程@Ajian zhu gong cheng@x电工技术@x安全培训@j教材 |
| 690 | @aTU85@v5 | |
| 701 | 0 | @a甘信广@Agan xin guang@4主编 |
| 905 | @a河南城建学院图书馆@dTU85@eG0621 | |
| 建筑电工/甘信广主编.-北京:中国环境出版集团,2021.12 |
| 277页:图;21cm |
| 建筑施工特种作业人员安全技术培训教材 |
| ISBN 978-7-5111-4638-0:CNY29.00 |
| 本书共分十一章,内容包括电工基础知识、电气识图、常用电工仪表及应用、常用低压电器、异步电动机、施工现场常用电气安全用具、施工现场电源设备与变电所等。 |
| ● |
| 相关链接 |
|
|
|
正题名:建筑电工
索取号:TU85/G0621
 
预约/预借
| 序号 | 登录号 | 条形码 | 馆藏地/架位号 | 状态 | 备注 |
| 1 | 1588915 | 215889153 | 建筑库201/201建筑库 53排1列5层/ [索取号:TU85/G0621] | 在馆 | |
| 2 | 1588916 | 215889162 | 建筑库201/201建筑库 53排1列5层/ [索取号:TU85/G0621] | 在馆 |